| 000 | 00489nam a2200157Ia 4500 | ||
|---|---|---|---|
| 008 | 210716s2011 xx 000 0 und d | ||
| 020 | _a9788120342699 | ||
| 041 | _aeng | ||
| 082 | _a658.3125 KIRD | ||
| 100 | _aKirkpatrick, Donald L. | ||
| 245 |
_aImproving employee performance: through appraisal and coaching. _bThrough appraisal and coaching. |
||
| 250 | _a2 | ||
| 260 |
_aNew Delhi _bPHI Learning private limited. _c2011 |
||
| 300 | _axv,253 | ||
| 650 | _aHuman Resource Development | ||
| 999 |
_c209829 _d209829 |
||